Pièces de The Skeld sur une carte - Statistiques

Statistiques générales
  • Ce quiz a été pris 82 fois
  • Le résultat moyen est 13 sur 14
Réponses sur la Carte
Les réponses sont colorées sur une échelle allant du rouge au vert en fonction du pourcentage des utilisateurs qui les ont devinées à leur premier essai. Vous pouvez retrouver ces pourcentages ci-dessous.
 
Statistiques - réponses
Pièce % Correct
Administration
96%
Infirmerie
96%
Electricité
93%
Cafétéria
92%
Radio
92%
O2
91%
Armes
89%
Réacteur
89%
Sécurité
88%
Boucliers
87%
Moteur inférieur
86%
Moteur supérieur
86%
Navigation
86%
Cargo
82%
Aucun quiz correspondant
Distribution des résultats
% des personnes avec chaque résultat
Percentile par nombre de réponses
Votre historique - résultats
Vous n’avez pas pris ce quiz